000 00661nam a2200217Ii 4500
003 JO-AjNU
008 230606s9999||||xx |||||||||||||| ||und||
020 _a978-1-83864-817-6
040 _aJO-AjNU
_beng
_erda
_cJO-AjNU
041 _aeng
050 1 4 _aTK5105.59 2020
100 3 _aoettinger,william,
_eauthor
_96679
245 0 0 _aLearn computer Forensics: A beginners guide to searching, analyzing and securing digital evidence
250 _a1ed
264 3 1 _aBIRMINGHAM-MUMBAI:PACKT,2020
300 _a350p
336 _atext
_btxt
_2rdacontent
337 _aunmediated
_bn
_2rdamedia
338 _avolume
_bnc
_2rdacarrier
650 4 _aForensics
_96680
999 _aE3466
_c3460
_d3460